Statistics for Glee Episodes season 4-6

Click here to take the quiz!

General Stats

  • This quiz has been taken 35 times
  • The average score is 36 of 55

Answer Stats

seasonepisode name% Correct
2009
89%
The Quarterback
89%
4The New Rachel
85%
Dreams Come True
81%
100
78%
A Wedding
78%
Glease
78%
Opening Night
78%
The Hurt Locker
78%
The Hurt Locker, Part 2
78%
Shooting Star
74%
The Break Up
74%
A Katy or a Gaga
70%
Guilty Pleasures
70%
I Do
70%
Dynamic Duets
67%
Jagged Little Tapestry
67%
Old Dog, New Tricks
67%
Thanksgiving
67%
The Rise and Fall of Sue Sylvester
67%
The Untitled Rachel Berry Project
67%
Transitioning
67%
All or Nothing
63%
Britney 2.0
63%
Frenemies
63%
Girls (and Boys) on Film
63%
Homecoming
63%
6Loser Like Me
63%
5Love, Love, Love
63%
Makeover
63%
Naked
63%
New Directions
63%
Puppet Master
63%
Sadie Hawkins
63%
Tested
63%
The Role You Were Born to Play
63%
Tina in the Sky With Diamonds
63%
Trio
63%
We Built This Glee Club
63%
Wonder-Ful
63%
Child Star
59%
City of Angels
59%
Diva
59%
Glee, Actually
59%
New New York
59%
Previously Unaired Christmas
59%
Swan Song
59%
The End of Twerk
59%
Bash
56%
Lights Out
56%
Movin' Out
56%
Sweet Dreams
56%
What the World Needs Now
56%
Feud
52%
The Back-Up Plan
52%

Score Distribution

Percentile by Number Answered

Percent of People with Each Score

Your Score History

You have not taken this quiz